LEADER 03013nam2 22004573i 450 001 CAGE017901 005 20170908093314.0 012 $aem28 t.r- o-a- stse (3) 1660 (R)$2fei 100 $a20050225d1660 ||||0itac50 ba 101 | $alat 102 $afr 181 1$6z01$ai $bxxxe 182 1$6z01$an 200 1 $a˜3.1: Sancti Thomae Aquinatis ... œPraeclarissima commentaria, in libros meteorologicorum Aristotelis, cum duplici textus interpretatione; vna Francisci Vatabli, altera antiqua: denuo maxima diligentia ... expurgata: operum tomi tertii. Pars prima 210 $aParisiis$capud Societatem bibliopolarum$d1660 215 $a[4], 149, [7] p.$dfol 300 $aFront. stampato in rosso e nero 300 $aVignetta xilogr. (S. Tommaso) sul front 300 $aSegn.: [pigreco]2 A-N6. 316 $av. 3.1. - Timbro RB sul front. - Legato con il v. 3.2.$5IT-NA0079, SALA FARN.08. F 0003 461 1$1001CAGE017885$12001 $a˜Sancti Thomae Aquinatis ... œOpera omnia. Ad fidem vetutissimorum sic! codicum m.ss. et editorum emendata, aucta & cum exemplaribus Romano, Veneto, & Antuerpiensi accurate collata ... Partim a reu. patre Ioanne Nicolai ... partim ab alijspatribus ... emendata ... vt patet in Indicibus post Praefationem appositis. Omnia 23. volum. comprehensa$v3.1 620 $dParigi$3TO0L002626 700 0$aTommaso : d'Aquino$c $3CFIV008124$4070$0290144 702 1$aVatable$b, François$f $3CFIV184290 712 02$aSocietas Bibliopolarum$c $3RAVV104056$4650 790 0$aTommaso d'Aquino$c $3CFIV009247$zTommaso : d'Aquino 790 0$aTommaso$c $3CFIV167024$zTommaso : d'Aquino 790 0$aTomasz z Akwinu$3IEIV108913$zTommaso : d'Aquino 790 0$aThomas : de Aquino$c $3MILV209402$zTommaso : d'Aquino 790 0$aThomas : Aquinas$c $3PUVV203880$zTommaso : d'Aquino 790 1$aVatablus$b, Franciscus$3BVEV133647$zVatable, François 791 02$a˜Sub œNavis insigni$3RAVV104058$zSocietas Bibliopolarum 801 3$aIT$bIT-NA0079$c20050225 850 $aIT-NA0079 899 1$aBiblioteca Nazionale Vittorio Emanuele III$bNA0079$eS$uhttp://books.google.com/books?vid=IBNN:BNANT001740754 912 $aCAGE017901 950 2$aBiblioteca Nazionale Vittorio Emanuele III$cv. 3.1.$d BNSALA FARN.08. F 0003$e BNANT0017407545 B (1 v. 3.1. - Timbro RB sul front. - Legato con il v. 3.2.$fC $h20050225$i20050225 956 $aBiblioteca Nazionale Vittorio Emanuele III$b1$c$d$eBNANT001740754$uhttp://books.google.com/books?vid=IBNN:BNANT001740754$z BNSALA FARN.08. F 0003 977 $a BN 996 $aPraeclarissima commentaria, in libros meteorologicorum Aristotelis, cum duplici textus interpretatione; vna Francisci Vatabli, altera antiqua: denuo maxima diligentia ... expurgata: operum tomi tertii. Pars prima$91485462 997 $aUNISANNIO LEADER 01506nam0 22003251i 450 001 UON00433581 005 20231205104918.25 010 $a978-27-283-0981-8 100 $a20131126d2013 |0itac50 ba 101 $aita 102 $aIT 105 $a|||| ||||| 200 1 $aAtlante storico dell'Italia rivoluzionaria e napoleonica$fa cura di Maria Pia Donato, David Armando, Massimo Cattaneo, Jean-François Chauvard 210 $aRoma$cEcole Française de Rome$d2013 215 $aXII, 440 p.$cc. di tav.$d26 cm. 410 1$1001UON00065655$12001 $aCollection de l'Ecole Française de Rome$v477 606 $aAtlanti storici$3UONC009672$2FI 620 $aIT$dRoma$3UONL000004 702 1$aArmando$bDavid$3UONV220285 702 1$aCattaneo$bMassimo$3UONV220286 702 1$aChauvard$bJean-François$3UONV220287 702 1$aDonato$bMaria Pia$3UONV220284 712 $aEcole Française de Rome$3UONV259989$4650 801 $aIT$bSOL$c20251024$gRICA 899 $aSIBA - SISTEMA BIBLIOTECARIO DI ATENEO$2UONSI 912 $aUON00433581 950 $aSIBA - SISTEMA BIBLIOTECARIO DI ATENEO$dSI VII GEO 2.0 0002 $eSI 7810 5 0002 $sBuono 951 $aSIBA - SISTEMA BIBLIOTECARIO DI ATENEO$bSI2013963 1J 20131126 996 $aAtlante storico dell'Italia rivoluzionaria e napoleonica$9833093 997 $aUNIOR